Vplyv kreativity na zatraktívnenie múzeálnych zariadení

Podstata inovácií a kreativity. Kreatívne imitácie a inovácie formou outsourcingu. Kreatívne inovácie v cestovnom ruchu. Produkt cestovného ruchu. Uplatnenie kreativity na zatraktívnenie hradných múzeí Bratislavského regiónu.

Na minha lista:
Detalhes bibliográficos
Autor principal: Mišúnová, Ema
Formato: Capítulo de Livro
Idioma:eslovaco
Assuntos:
Tags: Adicionar Tag
Sem tags, seja o primeiro a adicionar uma tag!

MARC

LEADER 00000naa$a2200000$$$4500
001 0176607
005 20240502083418.6
041 0 |a slo 
044 |a CZ 
245 1 0 |a Vplyv kreativity na zatraktívnenie múzeálnych zariadení  |c Ema Mišúnová 
520 |a Podstata inovácií a kreativity. Kreatívne imitácie a inovácie formou outsourcingu. Kreatívne inovácie v cestovnom ruchu. Produkt cestovného ruchu. Uplatnenie kreativity na zatraktívnenie hradných múzeí Bratislavského regiónu. 
610 2 0 |a ruch cestovný 
610 2 0 |a inovácia 
610 2 0 |a kreativita 
610 2 0 |a múzeá 
610 2 0 |a regióny 
100 1 |a Mišúnová, Ema